[Event "10th Mumbai Mayors Cup 2017"]
[Site "Mumbai"]
[Date "2017.07.06"]
[Round "5"]
[White "Karthikeyan, P.."]
[Black "Sekar, B."]
[Result "1-0"]
[WhiteElo "2502"]
[BlackElo "2252"]
[Annotator "TA"]
[PlyCount "109"]
[EventDate "2017.06.04"]
[EventType "swiss"]
[EventCountry "IND"]
[SourceTitle "playchess.com"]
[Source "ChessBase"]
[SourceQuality "1"]

{[%evp 14,109,41,0,2,10,14,3,27,4,0,5,44,50,49,47,53,56,60,72,62,28,92,91,110,52,52,62,63,64,119,71,125,77,175,50,87,83,93,93,93,92,74,12,25,0,13,8,139,139,139,141,141,143,139,139,140,136,144,128,144,144,145,146,153,0,141,135,158,153,158,158,158,158,158,158,158,158,177,158,166,168,170,172,177,170,204,207,227,227,410,410,403,403,403,403,403,403]} 1. c4 Nf6 2. Nc3 e6 3. e4 d5 4. e5 d4 5. exf6 dxc3 6. bxc3 Qxf6 7. Nf3 e5 8. Bd3 Bg4 $1 {A18: English Opening: Flohr-Mikenas System (1 c4 Nf6 2 Nc3 e6 3 e4)} 9. Be4 Nd7 $1 10. h3 Bf5 {The position is equal.} (10... Bxf3 $5 11. Qxf3 Qxf3 12. Bxf3 O-O-O $11) 11. Qc2 Bxe4 12. Qxe4 Qg6 $146 ({Predecessor:} 12... Nc5 13. Qxe5+ Qxe5+ 14. Nxe5 f6 15. Nf3 Nd3+ 16. Ke2 {1-0 (48) Nezar,M (2364)-Cornette,M (2579) Drancy 2016}) 13. Qxb7 Rb8 14. Qd5 $36 {[%mdl 2048] White has good play.} Bd6 15. O-O O-O $1 16. c5 Nxc5 17. Nxe5 Qf5 (17... Bxe5 $11 18. Qxe5 Nd3 19. Qxc7 Rfe8) 18. d4 $16 Rfe8 19. Qf3 (19. g4 $16 Qe6 20. Qxe6 Nxe6 21. Re1) 19... Qxf3 $14 20. Nxf3 Na4 21. c4 c6 (21... Nc3 $14) 22. Be3 Rb2 ({Better is} 22... Nc3) 23. Rfd1 h6 (23... c5 $16 {was necessary.}) 24. Ne5 (24. c5 $18 Bb8 25. Rdc1) 24... Nc3 25. Rd3 $1 {[%cal Rd3c3]} Ne2+ {[#]} 26. Kf1 $1 c5 27. Nf3 cxd4 28. Bd2 ({White should try} 28. Nxd4 $16 Nxd4 29. Bxd4) 28... Nc3 $11 29. Rxd4 Ne4 $1 {...Bc5 is the strong threat.} 30. Be3 Bc5 {[#]} (30... Bg3 $11 {remains equal.}) 31. Rxe4 $1 $16 {[%mdl 512]} Rxe4 32. Bxc5 Rxc4 33. Bxa7 Ra4 34. Bd4 Rbxa2 35. Rb1 R2a3 {intending ...Rxf3.} 36. Rb8+ Kh7 37. Rd8 Rc4 38. Rd7 Kg8 39. Rd8+ Kh7 40. Be3 Rc2 41. g3 Rac3 42. h4 Rc8 43. Rd5 R2c7 44. Kg2 Re7 45. Nd4 Rce8 46. Kf3 Re5 47. Rd6 R8e7 48. g4 {[%cal Bg3g4,Bg4g5][%mdl 32]} h5 49. g5 Rb7 {[#]} 50. Ne2 $1 Re6 51. Rd5 f6 $2 {[#]} (51... Ree7 {was called for.} 52. Nf4 g6) 52. g6+ $1 $18 {White is winning.} Kxg6 53. Nf4+ Kf7 54. Nxe6 Kxe6 55. Rxh5 {Precision: White = 66%, Black = 46%.} 1-0

[Event "10th Mumbai Mayors Cup 2017"]
[Site "Mumbai"]
[Date "2017.07.06"]
[Round "5"]
[White "Mollah Abdullah, Al Rakib"]
[Black "Sangma, Rahul"]
[Result "1-0"]
[WhiteElo "2484"]
[BlackElo "2337"]
[Annotator "TA"]
[PlyCount "99"]
[EventDate "2017.06.04"]
[EventType "swiss"]
[EventCountry "IND"]
[SourceTitle "playchess.com"]
[Source "ChessBase"]
[SourceQuality "1"]

{[%evp 9,99,63,154,158,150,145,160,93,156,58,87,36,61,33,28,21,40,26,32,28,102,11,33,33,33,41,38,38,29,21,47,40,79,70,110,77,159,129,249,245,252,235,276,258,255,272,275,273,265,263,444,430,429,416,460,460,410,381,578,555,493,464,439,428,505,492,441,350,631,585,616,615,606,603,601,585,678,687,12838,12839,12839,12839,12840,12840,12841,12840,12841,12842,12842,12843,12843,12843]} 1. d4 Nf6 2. Nf3 e6 3. c4 b6 4. Nc3 Ba6 5. e4 d5 {[#]} (5... Bb7 $14) 6. cxd5 $1 $16 {E12: Queen's Indian: Unusual White 4th moves, 4 a3, 4 Nc3 Bb7 5 a3 and 4 Nc3 Bb7} Bxf1 7. Kxf1 {aiming for dxe6.} (7. Rxf1 exd5 8. Qa4+ c6 $16) 7... exd5 8. exd5 $146 (8. Qe2 $142) ({Predecessor:} 8. Qb3 Be7 9. e5 Nfd7 10. Qxd5 c6 11. Qe4 O-O 12. h4 Re8 {1-0 (56) Kryschilovskij,A (2339)-Korennoi,V (2199) St Petersburg 2006}) 8... Nxd5 {[#]} (8... Be7 $142) 9. Qa4+ ({White must play} 9. Ne5 $1 $16 Nxc3 10. bxc3) 9... c6 $14 10. Bg5 (10. Nxd5 $16 Qxd5 11. Bf4) 10... f6 11. Re1+ Be7 $1 12. Bd2 Nxc3 13. bxc3 {Threatens to win with Ng5!} b5 14. Qb3 {Ng5 is the strong threat.} a5 (14... Qd5 $11) 15. g3 (15. Bf4 $16) 15... Qd5 (15... a4 $5 {[%cal Ra4b3]} 16. Qe6 Qd7 $16) 16. Qxd5 cxd5 17. Rb1 $36 {[%mdl 2048] White has good play.} b4 $1 18. cxb4 axb4 19. Bxb4 Rxa2 20. Kg2 Re2 21. Rhc1 O-O 22. Ba5 f5 (22... Ba3 $142) 23. Rb5 g5 (23... Nd7 $16 {keeps fighting.}) 24. Rxd5 $18 g4 25. Ne5 Ra2 26. Nd3 Bg5 27. Rcc5 h6 28. Nf4 Bxf4 29. gxf4 Kg7 $2 (29... Re8 30. Rd6 Ree2 31. Rc8+ (31. Rxh6 Rxf2+ 32. Kg1 Rg2+ 33. Kf1 Rgf2+ 34. Kg1 Rg2+ 35. Kh1 Rge2 $11) 31... Kf7 32. Rc7+ (32. Rxb8 Rxa5 33. Rxh6 Kg7 $18) (32. Rxh6 Rxf2+ 33. Kg1 Rg2+ 34. Kf1 Rgf2+ 35. Ke1 Rfb2 $11) 32... Re7) 30. Bc7 Ra7 31. Bd6 Re8 32. Re5 Rd8 33. Re6 Rf7 (33... Kf7 {was called for.}) 34. Be5+ Kh7 35. Rb5 Nd7 36. Rd5 Nf8 {[#]} 37. Rxh6+ $1 {[%mdl 512]} Kxh6 38. Rxd8 {[%mdl 4096] Endgame KRB-KRN} Nd7 $2 (38... Ng6 39. d5 Rf8) 39. f3 {White is clearly winning.} gxf3+ 40. Kxf3 Rh7 41. Rg8 Rf7 42. h4 Nf6 43. Rd8 {Black must now prevent Rd6.} Ne4 44. Rh8+ Rh7 45. Rxh7+ Kxh7 46. d5 {[%cal Bd4d5,Bd5d6][%mdl 32]} Kg6 47. Ke3 Nc5 48. Kd4 Nd7 49. d6 Kf7 50. Kd5 {Precision: White = 69%, Black = 26%.} 1-0

[Event "10th Mumbai Mayors Cup 2017"]
[Site "Mumbai"]
[Date "2017.07.06"]
[Round "5"]
[White "Deepan Chakkravarthy J"]
[Black "Das, Sayantan"]
[Result "1/2-1/2"]
[WhiteElo "2480"]
[BlackElo "2401"]
[Annotator "TA"]
[PlyCount "68"]
[EventDate "2017.06.04"]
[EventType "swiss"]
[EventCountry "IND"]
[SourceTitle "playchess.com"]
[Source "ChessBase"]
[SourceQuality "1"]

{[%evp 12,68,28,2,24,16,16,-2,36,31,30,28,31,18,41,41,61,55,62,48,50,60,46,45,54,12,12,16,12,7,12,8,20,16,12,0,12,0,11,4,13,0,0,0,0,0,0,0,0,0,4,0,0,0,0,0,0,0,0]} 1. d4 Nf6 2. Nf3 g6 3. Nbd2 d5 4. b4 Bg7 5. e3 O-O 6. c4 c6 7. Bb2 Nbd7 {A48: 1 d4 Nf6 2 Nf3 g6: Torre, London and Colle Systems} (7... a5 8. b5 cxb5 9. cxb5 Bg4 10. Bd3 Nbd7 11. O-O Qb6 12. h3 {½-½ (12) Vallejo Pons,F (2677)-Wen,Y (2609) Moscow 2016}) 8. Be2 a5 9. a3 b6 $146 ({Predecessor:} 9... axb4 10. axb4 Rxa1 11. Qxa1 dxc4 12. Nxc4 Nd5 13. Qa5 Nb8 {1-0 (38) Garcia Palermo,C (2465)-Rombaldoni,D (2494) Siena 2010}) 10. O-O Bb7 11. Qc2 e6 12. c5 bxc5 13. bxc5 Ba6 14. Bxa6 Rxa6 15. a4 Qc7 16. Bc3 e5 17. dxe5 Ng4 {[%cal Rg4e5]} 18. h3 Ngxe5 {The position is equal.} 19. Nxe5 Bxe5 20. Rab1 Raa8 21. Bxe5 Nxe5 22. Rb3 Nd7 {[%cal Be5d7,Bd7f6,Bf6d5,Bd5b4][%mdl 32]} 23. e4 Nf6 24. Rfb1 Rae8 {[%cal Rf6e4]} 25. exd5 Nxd5 26. Ne4 Qe5 27. Nd6 Re6 28. g3 h5 29. h4 Nb4 30. Qc4 Qe2 31. Qxe2 Rxe2 32. Nc4 Ra8 33. Nxa5 Rxa5 34. Rxb4 Rc2 {Precision: White = 75%, Black = 57%.} 1/2-1/2

[Event "10th Mumbai Mayors Cup 2017"]
[Site "Mumbai"]
[Date "2017.07.06"]
[Round "5"]
[White "Hossain, Enamul"]
[Black "Ramakrishna, J.."]
[Result "1-0"]
[WhiteElo "2464"]
[BlackElo "2157"]
[Annotator "TA"]
[PlyCount "57"]
[EventDate "2017.06.04"]
[EventType "swiss"]
[EventCountry "IND"]
[SourceTitle "playchess.com"]
[Source "ChessBase"]
[SourceQuality "1"]

{[%evp 26,57,27,23,39,47,43,46,52,49,60,74,98,91,83,78,71,-108,-120,-66,92,100,250,268,284,285,277,284,528,529,516,518,505,513]} 1. e4 c5 2. Nf3 d6 3. d4 cxd4 4. Nxd4 Nf6 5. Nc3 Nc6 6. Bg5 Qb6 7. Nb3 e6 8. Bxf6 gxf6 9. Qd2 Bd7 {B60: Sicilian: Richter-Rauzer: Unusual Black 6th moves and 6...Bd7 without 7 Qd2} 10. O-O-O O-O-O 11. f4 h5 12. Kb1 Kb8 13. Be2 Be7 14. Rhf1 {LiveBook: 3 Games} h4 15. Rf3 a6 16. Bf1 {[#]} (16. a3 Rc8 17. Qe1 {1-0 (43) Sjugirov,S (2673)-Alekseenko,K (2588) Moscow 2017}) 16... Rc8 $146 ({Predecessor:} 16... Bc8 17. Qe1 {1-0 (54) Chuprov,D (2561)-Iljushin,A (2557) Dagomys 2009}) 17. Qe1 Rc7 18. Rh3 Rhc8 19. f5 ({Of course not} 19. Qxh4 $6 f5 $11) 19... Ne5 20. Rxh4 a5 {[#] aiming for ...a4.} 21. Rh3 $2 (21. Qd2 $1 $16 {stays on course.}) 21... a4 $17 22. Nd4 {[#]} (22. fxe6 $17 fxe6 23. Nd4) 22... a3 $2 (22... d5 $1 $15 {[%mdl 512] keeps the upper hand.} 23. fxe6 (23. exd5 Bb4 $17) 23... fxe6) 23. Ncb5 $16 Nc4 (23... Bxb5 $16 24. Rb3 axb2) 24. Rb3 $18 axb2 25. Nxc7 Qxc7 26. Qb4 Bf8 $2 (26... Na5 {is a better defense.} 27. Rxb2 Nc6) 27. Qxc4 {White is clearly winning.} Qxc4 28. Bxc4 Rxc4 29. Rh3 {Precision: White = 76%, Black = 18%.} 1-0

[Event "10th Mumbai Mayors Cup 2017"]
[Site "Mumbai"]
[Date "2017.07.06"]
[Round "5"]
[White "Neelotpal, Das"]
[Black "Raja Rithvik R"]
[Result "1-0"]
[WhiteElo "2438"]
[BlackElo "2155"]
[Annotator "TA"]
[PlyCount "55"]
[EventDate "2017.06.04"]
[EventType "swiss"]
[EventCountry "IND"]
[SourceTitle "playchess.com"]
[Source "ChessBase"]
[SourceQuality "1"]

{[%evp 25,55,20,34,34,45,37,43,43,42,42,41,41,42,0,0,0,0,0,0,0,51,39,41,43,51,38,181,173,653,670,663,656]} 1. d4 Nf6 2. Nf3 e6 3. c4 d5 4. g3 Be7 5. Bg2 O-O 6. O-O dxc4 7. Qc2 a6 8. a4 Bd7 9. Qxc4 Bc6 10. Bg5 Bd5 11. Qd3 c5 12. Nc3 cxd4 {E05: Open Catalan: 5 Nf3 Be7} (12... Bc6 13. Bxf6 Bxf6 14. Rfd1 cxd4 15. Nxd4 Bxg2 16. Kxg2 Bxd4 17. Qxd4 Qxd4 18. Rxd4 Nc6 19. Rd7 Rab8 20. Ne4 {½-½ (28) Wang,H (2683)-Kryvoruchko,Y (2708) Sharjah 2017}) 13. Nxd5 Nxd5 {LiveBook: 12 Games} 14. Bxe7 Qxe7 {White is slightly better.} 15. Nxd4 Rd8 16. Rfd1 Nc6 17. Nxc6 bxc6 18. Qc4 Nb4 $146 ({Predecessor:} 18... Qb7 19. Rac1 Qxb2 20. Qxc6 {½-½ (59) Kachiani Gersinska,K (2415)-Lutz,A (2190) Germany 1998}) 19. a5 ({Avoid the trap} 19. Bxc6 $2 Rdc8 $19) 19... g6 20. Bf3 ({Wrong is} 20. Bxc6 $2 Rdc8 $19) 20... Rab8 21. h4 h5 22. Kg2 Rb5 (22... Rxd1 $11 23. Rxd1 Qc7) 23. Bxc6 $14 Rxd1 24. Rxd1 Rxa5 25. Bf3 Rb5 {[#]} (25... Nd5 $14) 26. Qc8+ $1 $18 Kh7 $2 (26... Kg7) 27. Rd7 Qf6 28. Qf8 {Precision: White = 85%, Black = 33%.} 1-0

[Event "10th Mumbai Mayors Cup 2017"]
[Site "Mumbai"]
[Date "2017.07.06"]
[Round "5"]
[White "Khusenkhojaev, Muhammad"]
[Black "Mrudul Dehankar"]
[Result "1-0"]
[WhiteElo "2424"]
[BlackElo "1942"]
[Annotator "TA"]
[PlyCount "103"]
[EventDate "2017.06.04"]
[EventType "swiss"]
[EventCountry "IND"]
[SourceTitle "playchess.com"]
[Source "ChessBase"]
[SourceQuality "1"]

{[%evp 21,103,9,16,8,7,8,13,21,12,13,37,47,51,51,51,51,51,51,49,47,52,37,48,28,54,61,54,49,55,53,62,6,31,7,12,0,25,20,41,41,42,43,45,38,61,61,54,52,66,74,74,74,68,72,85,46,45,0,137,156,164,71,292,261,406,369,413,367,462,454,433,431,585,569,686,714,691,656,781,753,1062,1055,885,847]} 1. Nf3 Nf6 2. c4 g6 3. g3 Bg7 4. Bg2 O-O 5. d4 c6 6. Nc3 d5 7. cxd5 cxd5 8. Ne5 Nc6 9. O-O Bf5 10. Nxc6 bxc6 11. Bf4 Nd7 12. Qd2 {D79: Fianchetto Grünfeld: Symmetrical Variation (6 0-0 c6 7 cxd5 cxd5)} (12. Na4 e5 13. dxe5 Nxe5 14. Rc1 Rc8 15. b3 Re8 16. Qd2 h5 17. h3 Nd7 18. Be3 a6 19. Rfe1 Kh7 {0-1 (45) Anton Guijarro,D (2559)-Zhigalko,S (2671) Yerevan 2014}) 12... e5 13. dxe5 Nxe5 14. b3 {The position is equal.} Rc8 15. Rac1 (15. Bg5 $5 {[%cal Rg5d8]} f6 16. Be3 $11) 15... Qe7 16. Bg5 $146 ({Predecessor:} 16. Na4 Rfe8 17. Rfe1 Nd7 18. Bh6 Bh8 19. Be3 Nf6 {1-0 (55) Raznikov,D (2494)-Van Osch,M (2261) Groningen 2014}) 16... Bf6 17. Bxf6 Qxf6 18. f4 Nd7 19. e4 dxe4 20. Nxe4 Bxe4 21. Bxe4 Rfd8 22. Qc3 (22. Bf3 {is more complex.} Nb6 23. Qe3 Kg7 24. Rfe1 Rc7 25. Qe5) 22... Qxc3 23. Rxc3 Nf6 24. Bf3 Nd5 25. Rc5 Kf8 26. a3 ({White should try} 26. Rd1 $14) 26... Ne7 $11 27. Rfc1 {[%cal Rf3c6]} Rd3 28. R1c3 Rxc3 29. Rxc3 {[%mdl 4096] Endgame KRB-KRN} Ke8 30. Rc5 Kd7 31. Kf2 Kd6 32. b4 Rb8 33. Ra5 Rb7 34. g4 f5 35. h3 fxg4 36. hxg4 Nc8 37. Kg3 Rf7 38. Ra6 Nb6 39. a4 Rc7 (39... Nd5 $11) 40. b5 $16 Kc5 41. Bxc6 (41. a5 $18 Nd5 42. Rxc6+ Kxb5 43. Re6) 41... Re7 $2 {[#]} (41... Rf7 $16 {was necessary.} 42. f5 gxf5) 42. f5 $18 gxf5 (42... g5 $142 43. a5 Nc4) 43. gxf5 {[%cal Bg4f5,Bf5f6][%mdl 32]} Rf7 44. Kf4 Nc4 45. Be8 {White is clearly winning.} Re7 46. Bh5 Ne3 47. Bf3 Nc4 48. f6 Rd7 49. Kf5 Kd4 50. Ke6 Rd8 51. f7 Ne5 52. Bh5 {Precision: White = 63%, Black = 47%.} 1-0

[Event "10th Mumbai Mayors Cup 2017"]
[Site "Mumbai"]
[Date "2017.07.06"]
[Round "5"]
[White "Murshed, Niaz"]
[Black "Ghosh, Diptayan"]
[Result "1/2-1/2"]
[WhiteElo "2423"]
[BlackElo "2569"]
[Annotator "TA"]
[PlyCount "25"]
[EventDate "2017.06.04"]
[EventType "swiss"]
[EventCountry "IND"]
[SourceTitle "playchess.com"]
[Source "ChessBase"]
[SourceQuality "1"]

{[%evp 14,21,0,0,0,0,0,0,12,9]} 1. Nf3 Nf6 2. c4 g6 3. Nc3 d5 4. cxd5 Nxd5 5. Qa4+ Nc6 6. Nxd5 {A16: English Opening: 1...Nf6 with ...d5} (6. Ne5 Qd6 7. Nxc6 Qxc6 8. Qxc6+ bxc6 9. b3 Nxc3 10. Bb2 Bg7 11. Bxc3 Bxc3 12. dxc3 Be6 13. O-O-O a5 14. Kb2 {½-½ (44) Ni,H (2704)-Wei,Y (2734) Zaozhuang 2015}) 6... Qxd5 7. e4 Qd6 8. Bb5 {LiveBook: 3 Games. The position is equal.} Bd7 9. d4 {[%cal Bd2d4,Bd4d5][%mdl 32]} Bg7 {[%cal Rc6d4]} 10. d5 Ne5 11. Nxe5 {Predecessor:} Bxe5 $146 12. Bxd7+ Qxd7 13. Qb3 {½-½ (70) Rezaei,I-Safar Zadeh,E Iran 1995} 1/2-1/2

[Event "10th Mumbai Mayors Cup 2017"]
[Site "Mumbai"]
[Date "2017.07.06"]
[Round "5"]
[White "Krishna Teja, N."]
[Black "Vishwanath, Prasad"]
[Result "1-0"]
[WhiteElo "2406"]
[BlackElo "1974"]
[Annotator "TA"]
[PlyCount "87"]
[EventDate "2017.06.04"]
[EventType "swiss"]
[EventCountry "IND"]
[SourceTitle "playchess.com"]
[Source "ChessBase"]
[SourceQuality "1"]

{[%evp 10,87,27,19,42,27,17,16,22,21,16,0,7,0,136,54,39,33,32,37,50,58,47,44,38,42,54,14,63,60,72,59,79,91,84,62,74,68,60,14,19,8,20,0,28,18,22,29,126,39,35,39,50,55,111,109,504,500,495,499,488,471,447,448,461,459,440,439,432,420,604,611,572,560,619,628,621,600,993,1006]} 1. d4 Nf6 2. c4 e6 3. Nc3 Bb4 4. Nf3 b6 5. Qb3 Bxc3+ 6. Qxc3 h6 {E21: Nimzo-Indian: 4 Nf3} (6... Bb7 7. g3 O-O 8. Bg2 d6 9. O-O Nbd7 10. b3 Qe7 11. Bb2 c5 12. Rfd1 Rac8 13. Rac1 Rfd8 14. Qe3 cxd4 15. Bxd4 Nc5 16. Bh3 Ba8 17. Nh4 Rc7 18. Bb2 Rcd7 19. Nf3 Nce4 {1-0 (58) Mirzoev,A (2556)-Gholami,A (2325) Rasht 2015}) 7. g3 Bb7 8. Bg2 d6 {The position is equal.} 9. O-O Nbd7 $146 ({Predecessor:} 9... Qe7 10. b3 Nbd7 11. a4 c5 12. Bb2 a6 13. a5 b5 14. cxb5 axb5 15. dxc5 dxc5 {1-0 (58) Andre,G (2318)-Bores,M (2205) Germany 2008}) 10. Qd3 O-O 11. Re1 e5 (11... Be4 $11 12. Qe3 a5) 12. e4 (12. Nxe5 $1 $16 Bxg2 13. Nxd7 Qxd7 14. Kxg2) 12... Nxe4 $14 13. Rxe4 {And now Re1 would win.} f5 $1 {[%cal Rf5e4]} 14. Re1 {[%cal Rd4e5]} e4 15. Qb3 {Hoping for Nd2.} exf3 16. Bxf3 Bxf3 17. Qxf3 Rf7 18. Bd2 Nf8 (18... f4 $5) 19. Re2 Rc8 {[%cal Ba8c8,Bc8c5,Bc5c4,Bc4d4,Bd4d5][%mdl 32]} 20. Rae1 c6 21. Bf4 Qd7 22. d5 cxd5 23. Qxd5 {Threatens to win with Re7.} Rc5 24. Qxd6 {aiming for b3.} Rxc4 25. Re8 Rd4 26. Qe5 Rd5 (26... Kh7 $5 {[%cal Rf8g6]}) 27. Qe2 Kh7 28. h4 $36 {[%cal Bh2h4,Bh4h5][%mdl 2080] White fights for an advantage.} Qb5 (28... Ng6 $11) 29. Qf3 ({Better is} 29. Qxb5 $1 $16 Rxb5 30. Bd6) 29... Qd3 $1 {[%cal Rd3f3]} 30. R8e3 {[%cal Be8e3,Be3c3,Bc3c7][%mdl 32]} Qb5 31. h5 Nd7 {[#]} (31... Rd8 $14) 32. a4 $1 $16 {[%cal Ra4b5][%mdl 512]} Qc6 $2 {[%mdl 8192] [#]} (32... Qc4 $16) (32... Qxa4 33. Qxd5) 33. Rc3 $1 $18 {[%cal Rc3c6]} Qa8 34. Rc7 Kg8 {[#]} 35. Rxa7 $1 {[%mdl 512]} Qxa7 36. Re8+ ({Less strong is} 36. Qxd5 Nf6 $16) 36... Nf8 37. Qxd5 {White wants to mate with Rxf8+!} Qd7 38. Qxd7 Rxd7 {[%mdl 4096] Endgame KRB-KRN} 39. Rb8 Rd4 (39... Kf7 $142 40. Rxb6 Ra7) 40. b4 {White is clearly winning.} Kf7 41. Rxb6 Ne6 42. Be5 Re4 43. Rb7+ Kg8 44. f4 {Precision: White = 54%, Black = 49%.} 1-0

[Event "10th Mumbai Mayors Cup 2017"]
[Site "Mumbai"]
[Date "2017.07.06"]
[Round "5"]
[White "Iniyan, P."]
[Black "Dileep Kumar R"]
[Result "0-1"]
[WhiteElo "2392"]
[BlackElo "2094"]
[Annotator "TA"]
[PlyCount "132"]
[EventDate "2017.06.04"]
[EventType "swiss"]
[EventCountry "IND"]
[SourceTitle "playchess.com"]
[Source "ChessBase"]
[SourceQuality "1"]

{[%evp 27,132,79,98,91,113,122,225,232,227,227,225,169,160,41,9,-87,-66,-134,-111,-225,-227,-226,-225,-218,-228,-208,-159,-339,-141,-130,-134,-151,-150,-144,-138,-146,-126,-150,-141,-138,-136,-202,-192,-179,-186,-186,-179,-237,-185,-248,-238,-234,-245,-364,-321,-411,-398,-467,-395,-540,-268,-243,-231,-203,-219,-213,-206,-506,-498,-521,-508,-510,-470,-521,-495,-912,-995,-1260,-1157,-1606,-1537,-1482,-1495,-1447,-1204,-6304,-6238,-5681,-5503,-4147,-4594,-29973,-29974,-29980,-29981,-29980,-29981,-29981,-29982,-29977,-29978,-29988,-29987,-29989,-29990,-29990,-29991]} 1. d4 d5 2. c4 c6 3. Nf3 Nf6 4. Nc3 e6 5. Bg5 dxc4 6. e4 b5 7. e5 h6 8. Bh4 g5 9. Nxg5 hxg5 10. Bxg5 Nbd7 11. g3 Qa5 12. exf6 b4 13. Ne4 Ba6 14. Qf3 Qd5 {LiveBook: 18 Games. D44: Semi-Slav: Botvinnik System} (14... O-O-O 15. Be3 c5 16. Bg2 cxd4 17. Bxd4 Ne5 18. Bxe5 Qxe5 19. O-O Rd3 20. Qg4 Bh6 21. Rad1 Rhd8 22. Rxd3 cxd3 {0-1 (46) Beliavsky,A (2653)-Stellwagen,D (2631) Amsterdam 2007}) 15. Bg2 O-O-O 16. O-O Bb7 $146 (16... c5 $16) ({Predecessor:} 16... Qxd4 17. Bf4 Bb7 18. a3 bxa3 19. Rxa3 Nc5 20. Nxc5 Bxc5 21. Be3 Qd6 22. Rc3 Bxe3 23. Qxe3 Qd4 24. Qe2 Rd6 25. Rxc4 Qxf6 26. Qe3 Kc7 27. Qxa7 Ra8 28. Qc5 Qxb2 29. Rb4 {1-0 (29) Lalic,B (2475)-Karaklajic,N (2375) Pula 1990}) 17. Qe2 $18 Nb6 18. Bf4 {And now Ng5 would win.} Qh5 19. Qxh5 Rxh5 20. Be5 (20. Ng5 $16 Rd7 21. Bf3) 20... c5 $1 $14 {[%cal Bc6c5,Bc5d4,Bd4d3][%mdl 32]} 21. f4 ({Wrong is} 21. dxc5 $2 Bxe4 22. cxb6 (22. Bxe4 $2 Rxe5 23. cxb6 Rxe4 $19) 22... Bxg2 $19) (21. g4 $11 Rh4 22. Nxc5 Bxc5 23. dxc5 Bxg2 24. Kxg2) 21... cxd4 22. Rfd1 (22. Ng5 $1 $15 Rd7 23. Rad1) 22... d3 23. Rac1 (23. h4 $17 {might work better.}) 23... Bxe4 $1 $19 24. Bxe4 Bc5+ $1 25. Kg2 {[#]} Be3 $1 {[%cal Re3c1]} 26. Rb1 Bd4 27. g4 $2 (27. Bxd3 $17 {was worth a try.} cxd3 28. Rbc1+ Kb7 29. Rxd3 Bxe5 30. Rxd8 Bxb2 31. Rf1) 27... Bxe5 (27... Rhh8 $19 {is more deadly. Hoping for ...Bxe5.} 28. Rbc1 Be3) 28. gxh5 $17 Bxf4 29. Kf3 {[#]} Bh6 $1 30. b3 d2 {White must now prevent ...c3.} 31. bxc4 Nxc4 32. Ke2 a5 {[%mdl 1024] Black has strong compensation.} 33. Rb3 Rd4 34. Bd3 (34. Bg6 $17) 34... Ne5 35. Bc2 Rh4 36. h3 Nc6 {...Nd4+ is the strong threat.} 37. Rg3 (37. Rxd2 {is a better defense.} Bxd2 38. Kxd2) 37... Rxh5 38. Be4 (38. Rxd2 {was necessary.} Bxd2 39. Kxd2) 38... Nd4+ $19 39. Kd3 Nb5 40. Bf3 (40. Rxd2 $142 Bxd2 41. Kxd2) 40... Rf5 41. Bg4 Rd5+ 42. Kc2 Rc5+ 43. Kb3 Rc1 (43... Nd4+ $142 44. Ka4 Rc3) 44. Rd3 Nc3 45. R1xd2 Bxd2 46. Rxd2 {[%mdl 4096] Endgame intending Bxe6+! KRB-KRN} Ne4 47. Rc2+ $2 (47. Rd1 {was called for.} Rc7 48. Re1 Rc3+ 49. Kb2 Nxf6 50. Rf1 Nxg4 51. hxg4) 47... Rxc2 48. Kxc2 {White wants to play Bxe6+!} Nxf6 {KB-KN} 49. Be2 Kc7 50. Kb3 Kd6 51. Ka4 (51. Kc4 $142 Nd5 52. h4) 51... Kc5 52. Kxa5 e5 53. h4 Ng8 54. Ka4 f5 {[%cal Bf7f5,Bf5f4,Bf4f3,Bf3f2][%mdl 32]} 55. Kb3 Nh6 56. Kc2 e4 57. Ba6 f4 58. Bb7 Kd4 59. h5 Ke3 {Black mates.} 60. Kb3 f3 61. Kc2 f2 62. Ba6 Kf3 63. Bf1 Nf5 64. Kd2 Ng3 65. Ba6 e3+ {[%cal Be4e3,Be3e2][%mdl 32]} 66. Kc2 e2 {Precision: White = 32%, Black = 68%.} 0-1

[Event "10th Mumbai Mayors Cup 2017"]
[Site "Mumbai"]
[Date "2017.07.06"]
[Round "5"]
[White "Rathnakaran, K."]
[Black "Saranya, J."]
[Result "1-0"]
[WhiteElo "2378"]
[BlackElo "2100"]
[Annotator "TA"]
[PlyCount "55"]
[EventDate "2017.06.04"]
[EventType "swiss"]
[EventCountry "IND"]
[SourceTitle "playchess.com"]
[Source "ChessBase"]
[SourceQuality "1"]

{[%evp 12,55,14,13,31,34,35,8,31,0,48,0,0,0,0,0,24,0,102,110,110,104,102,106,120,114,86,78,85,0,212,206,207,197,206,211,424,421,601,579,29989,29990,29990,29991,29998,29999]} 1. e4 c5 2. Nf3 Nc6 3. d4 cxd4 4. Nxd4 g6 5. h4 (5. c4 Nf6 6. Nc3 d6 7. Be2 Nxd4 8. Qxd4 Bg7 9. Be3 O-O 10. Qd2 Be6 11. Rc1 Qa5 12. f3 Rfc8 13. b3 Rab8 14. Na4 Qxd2+ 15. Kxd2 Bd7 16. Nc3 a6 17. g4 Bc6 18. b4 Be8 19. g5 Nd7 20. f4 Kf8 21. h4 {1-0 (41) Yu,Y (2750)-Zvjaginsev,V (2661) China 2017}) 5... Bg7 6. Nxc6 {B34: Sicilian: Accelerated Dragon with 5 Nc3: sidelines} bxc6 7. h5 {LiveBook: 3 Games} d5 8. Nc3 {White is slightly better.} d4 {Hoping for ...Qa5.} 9. Nb1 $146 {[%cal Bc3b1,Bb1a3,Ba3c4][%mdl 32]} ({Predecessor:} 9. Ne2 Ba6 10. Nf4 Bxf1 11. Kxf1 e5 12. Nd3 Qd6 {½-½ (47) Skaruz,J (2179)-Sramek,V (1924) Karvina 2016}) 9... e5 10. Na3 Be6 11. Nc4 Nf6 12. hxg6 fxg6 13. Bd3 Rc8 14. Qe2 Nh5 (14... Qc7 $11 {remains equal.}) 15. Rxh5 $16 gxh5 16. Qxh5+ Bf7 17. Qg4 $1 {[%cal Rg4g7][%mdl 1024] White has strong compensation.} O-O 18. Bg5 Qc7 19. g3 {[%cal Bg2g3,Bg3f4][%mdl 32]} Kh8 20. f4 $40 {[%mdl 128] Black needs to defend precisely.} (20. Qh4 $1 $16) 20... h6 $2 {[#]} (20... Bxc4 $1 $11 {and Black is okay.} 21. Bxc4 exf4 22. gxf4 Qb6) 21. Qh4 $1 $18 Bxc4 22. Bxc4 {And now f5 would win.} exf4 23. gxf4 Rce8 $2 {[#]} (23... d3 {might work better.}) 24. O-O-O $1 Qd6 (24... c5 $142 25. f5 (25. Bxh6 Bxh6 26. Qxh6+ Qh7 $16) 25... Qb6) 25. e5 Qc5 26. Bxh6 {White mates.} Qxc4 27. Bxg7+ Kxg7 28. Rg1+ {Precision: White = 63%, Black = 38%.} 1-0